000 01620cam a22003375i 4500
001 1477867
003 EG-ScBUE
005 20250624084743.0
008 870727s1988 waua f b 101 0 eng d
020 _a084121431X
040 _aEG-ScBUE
_beng
_erda
_cEG-ScBUE
_dEG-ScBUE
082 0 4 _a537.623
_bCHE
_222
245 0 0 _aChemistry of high-temperature superconductors /
_cDavid L. Nelson, editor, Office of Naval Research, M. Stanley Whittingham, editor, Schlumberger-Doll Research, Thomas F. George, editor, State University of New York at Buffalo.
250 _aSecond printing.
264 1 _aWashington, DC :
_bAmerican Chemical Society,
_c1988.
300 _aix, 329 pages :
_billustrations ;
_c24 cm.
336 _2rdacontent
_atext
_btxt
337 _aunmediated
_2rdamedia
_bn
338 _avolume
_bnc
_2rdacarrier
490 0 _aACS symposium series,
_x0097-6156 ;
_v351
500 _aDeveloped for and from symposia sponsored by the Divisions of Inorganic Chemistry and Physical Chemistry at the 194th and 195th Meetings of the American Chemical Society, held Aug. 30-Sept. 4, 1987, New Orleans, La. and Sept. 25-30, 1988, Los Angeles, Calif.
504 _aIncludes bibliographical references and index.
650 7 _aSuperconductors
_xChemistry
_vCongresses.
_2BUEsh
650 7 _aHigh temperature superconductors
_vCongresses.
_2BUEsh
653 _bENGCHE
_cFebruary2018
655 _vReading book
700 1 _aNelson, David L.
_q(David Lee),
_d1942-
_eeditor.
700 1 _aWhittingham, M. Stanley
_q(Michael Stanley),
_d1941-
_eeditor.
700 1 _aGeorge, Thomas F.,
_d1947-
_eeditor.
942 _2ddc
_cBB
999 _c26160
_d26132